LDR 00908naa#a2200181#i#450# 001 RU\\bibl\121439 005 20260514214616.4 011 ## _a1994-4683 100 ## _a20230531b2023####ek#y0rusy0150####ca 102 ## _aRU 200 1# _aОСНОВЫ ОРГАНИЗАЦИИ ПАТРИОТИЧЕСКИХ ПРЕДСТАВЛЕНИЙ И ПРАЗДНИКОВ И ИХ РОЛЬ В ВОСПИТАНИИ ПОДРАСТАЮЩЕГО ПОКОЛЕНИЯ _eЖурнальная статья 210 1# _aМосква _cНациональный государственный Университет физической культуры, спорта и здоровья им. П.Ф. Лесгафта _d2023 215 ## _a3 с. 608 ## _aЖурнальная статья _2local 675 ## _aСистемы воспитания. 371.4 _z 700 #1 _aМишина _gТ В 700 #1 _aДогадова _gА И 856 4# _auchzapiski.lesgaft.spb.ru _u